• 首页
  • 本馆介绍
  • 公告通知
  • 最新文献
  • 馆藏检索
  • 电子资源
  • 读者导购
  • 参考咨询
  • 我的图书馆
  • 登录
  • 详细信息显示
  • 放入我的书架
  • 预约/预借图书
  • 作者相关作品
  • 分类相关作品
  • 丛书相关作品
  • 出版社相关作品

书目信息

  • 表格格式
  • 工作单格式
  • 卡片格式
题名:
先秦政治思想史
    
 
作者: 梁启超 著
分册:  
出版信息: 南昌   江西教育出版社  2018
页数: 230页
开本: 23cm
丛书名:
单 册:
中图分类: D092.2
科图分类:
主题词: 政治思想史--zheng zhi si xiang shi--中国--先秦时代
电子资源:
ISBN: 978-7-5392-9815-3
000 00849nam0 2200253 450
001 012001009344
005 20140101134159.0
010    @a978-7-5392-9815-3@dCNY36.00
099    @aCAL 012018106411
100    @a20180711d2018 em y0chiy50 ea
101 0  @achi
102    @aCN@b360000
105    @ay z 000yy
106    @ar
200 1  @a先秦政治思想史@Axian qin zheng zhi si xiang shi@f梁启超著
210    @a南昌@c江西教育出版社@d2018
215    @a230页@d23cm
300    @a大家学术文库
330    @a本书分析了儒、道、墨、法四大政治思想流派的哲学观点与政治主张,论述了统一、寝兵、教育、生计、乡治、 民权等颇具时代意义的话题。
606 0  @a政治思想史@Azheng zhi si xiang shi@y中国@z先秦时代
690    @aD092.2@v5
701  0 @a梁启超@Aliang qi chao,@f1873-1929@4著
801  0 @aCN@b上海新华@c20191020
905    @b1187831-4@dD092.2@e188@f4
    
    先秦政治思想史/梁启超著.-南昌:江西教育出版社,2018
    230页;23cm
    大家学术文库
    
    ISBN 978-7-5392-9815-3:CNY36.00
    本书分析了儒、道、墨、法四大政治思想流派的哲学观点与政治主张,论述了统一、寝兵、教育、生计、乡治、 民权等颇具时代意义的话题。
●
相关链接 在E读中查询图书 在五车中查询图书 在当当中查询图书 在豆瓣中查询图书


正题名:先秦政治思想史     索取号:D092.2/188         预约/预借

序号 登录号 条形码 馆藏地/架位号 状态 备注
1 1187831   211878315   第一样本阅览室/ [索取号:D092.2/188] 在馆    
2 1187832   211878324   第一借阅区/ [索取号:D092.2/188] 在馆    
3 1187833   211878333   第一借阅区/ [索取号:D092.2/188] 在馆    
4 1187834   211878342   第一借阅区/ [索取号:D092.2/188] 在馆    
唐山师范学院图书馆 欢迎您!
大连网信软件有限公司© 版权所有